Online Catalogue and eLibrary

Assignment Colombo / (Record no. 616)

MARC details
000 -LEADER
fixed length control field 00436cam a2200181 a 4500
001 - CONTROL NUMBER
control field 2139609
005 - DATE AND TIME OF LATEST TRANSACTION
control field 20240327063820.0
008 - FIXED-LENGTH DATA ELEMENTS--GENERAL INFORMATION
fixed length control field 980122s1998 ii a 001 0 eng
020 ## - INTERNATIONAL STANDARD BOOK NUMBER
ISBN 8122004997
040 ## - CATALOGING SOURCE (பட்டியலாக்க மூலம்)
Original cataloging agency DLC
Transcribing agency DLC
082 ## - DDC Classification
DDC Edition Number 22
100 1# - MAIN ENTRY--PERSONAL NAME
Personal name Dixit, J. N.
245 10 - TITLE STATEMENT
Title Assignment Colombo /
Statement of responsibility, etc. J.N. Dixit.
260 ## - PUBLICATION, DISTRIBUTION, ETC.
Place of publication, distribution, etc. Delhi :
Name of publisher, distributor, etc. Konark Publishers,
Date of publication, distribution, etc. c1998.
300 ## - PHYSICAL DESCRIPTION
Extent (e.g. Volumes, Pages etc.) xxi, 393 p. :
500 ## - GENERAL NOTE
General note Includes index.
942 ## - Koha item type (Biblio)
Koha item type

No items available.

© WERC Library